Corrosion engineering (Record no. 1267)

000 -LEADER
fixed length control field 00569nam a22002177a 4500
001 - CONTROL NUMBER
control field 1267
003 - CONTROL NUMBER IDENTIFIER
control field BD-DhUET
008 - FIXED-LENGTH DATA ELEMENTS--GENERAL INFORMATION
fixed length control field 140902b xxu||||| |||| 00| 0 eng d
020 ## - INTERNATIONAL STANDARD BOOK NUMBER
International Standard Book Number 9789848725085
040 ## - CATALOGING SOURCE
Transcribing agency 0
Modifying agency BD-DhUET
082 ## - DEWEY DECIMAL CLASSIFICATION NUMBER
Classification number 620.1122
Item number NOO/2009
100 ## - MAIN ENTRY--PERSONAL NAME
Personal name Nooruddin Ahmed
245 ## - TITLE STATEMENT
Title Corrosion engineering
Remainder of title an introductory text
250 ## - EDITION STATEMENT
Edition statement 1st ed.
260 ## - PUBLICATION, DISTRIBUTION, ETC. (IMPRINT)
Place of publication, distribution, etc. Dhaka
Name of publisher, distributor, etc. N. Ahmed and I. Mahmud
Date of publication, distribution, etc. 2009
300 ## - PHYSICAL DESCRIPTION
Extent xviii, 261 p.
504 ## - BIBLIOGRAPHY, ETC. NOTE
Bibliography, etc Includes bibliographies
650 #0 - SUBJECT ADDED ENTRY--TOPICAL TERM
Topical term or geographic name as entry element Corrosion and anti-Corrosion
700 ## - ADDED ENTRY--PERSONAL NAME
Personal name Iqbal Mahmud
942 ## - ADDED ENTRY ELEMENTS (KOHA)
Koha item type General Book
Holdings
Price effective from Shelving location Koha item type Sublocation or collection (holding branch) Koha full call number Piece designation (barcode) Damaged status Not for loan Lost status Koha date last borrowed Location (home branch) Source of classification or shelving scheme Koha normalized classification for sorting Koha issues (times borrowed) Koha out on loan Copy number Withdrawn status Koha date last seen Date acquired
2014-09-02Circulation sectionGeneral BookCentral Library, BUET620.1122/NOO/2009107513   2021-08-28Central Library, BUET 620_000000000000000_1122NOO2002 8 2021-08-282014-09-02
2014-09-02Circulation sectionGeneral BookCentral Library, BUET620.1122/NOO/2009107507   2021-09-06Central Library, BUET 620_000000000000000_1122NOO20025 8 2021-09-062014-09-02
2014-09-02Circulation sectionGeneral BookCentral Library, BUET620.1122/NOO/2009107508   2021-08-28Central Library, BUET 620_000000000000000_1122NOO2001 8 2021-08-282014-09-02
2014-09-02Circulation sectionGeneral BookCentral Library, BUET620.1122/NOO/2009107506   2021-08-28Central Library, BUET 620_000000000000000_1122NOO2001   2021-08-282014-09-02
2014-09-02Circulation sectionGeneral BookCentral Library, BUET620.1122/NOO/2009107512   2021-08-28Central Library, BUET 620_000000000000000_1122NOO2001   2021-08-282014-09-02
2014-09-02Circulation sectionGeneral BookCentral Library, BUET620.1122/NOO/2009107509   2025-12-01Central Library, BUET 620_000000000000000_1122NOO20052025-12-15  2025-12-012014-09-02
2014-09-02Circulation sectionGeneral BookCentral Library, BUET620.1122/NOO/2009107505   2024-10-21Central Library, BUET 620_000000000000000_1122NOO20038   2024-10-212014-09-02
2014-09-02Circulation sectionGeneral BookCentral Library, BUET620.1122/NOO/2009107511   2021-08-28Central Library, BUET 620_000000000000000_1122NOO2001   2021-08-282014-09-02
2014-09-02Circulation sectionGeneral BookCentral Library, BUET620.1122/NOO/2009107504   2021-08-28Central Library, BUET 620_000000000000000_1122NOO2001   2021-08-282014-09-02
2018-04-28Circulation sectionGeneral BookCentral Library, BUET620.1122/NOO/2009107510   2021-08-28Central Library, BUET 620_112200000000000_NOO_20091 1 2021-08-282010-01-13